[Event "4NCL Online Division 4"]
[Site "online"]
[Date "2020.06.09"]
[Round "10.123"]
[White "Walker, Adrian"]
[Black "Cole, Graham"]
[Result "1-0"]
[WhiteElo "1750"]
[BlackElo "1818"]
[PlyCount "59"]
[EventDate "2020.06.09"]
[WhiteTeam "Stroud The Old"]
[BlackTeam "Oxford 3"]

1. e4 c5 2. d4 cxd4 3. c3 Nf6 4. e5 Nd5 5. Nf3 e6 6. cxd4 d6 7. a3 Bd7 8. Bd3
Bc6 9. O-O Nd7 10. Re1 Be7 11. b4 a6 12. Nbd2 Rc8 13. exd6 Bxd6 14. Ne4 Bf4 15.
Bxf4 Nxf4 16. Nd6+ Ke7 17. Nxc8+ Qxc8 18. Be4 Nd5 19. Rc1 Qb8 20. Qc2 Qf4 21.
Ne5 Nxe5 22. Qc5+ Kd7 23. dxe5 Rc8 24. Bxd5 exd5 25. Qd6+ Ke8 26. g3 Qf5 27. e6
g6 28. Rxc6 Rxc6 29. Qd7+ Kf8 30. e7+ 1-0

[Event "4NCL Online Division 4"]
[Site "online"]
[Date "2020.06.09"]
[Round "10.124"]
[White "Bush, Ian"]
[Black "Reekie-Black, Matthew"]
[Result "1/2-1/2"]
[WhiteElo "1870"]
[BlackElo "1615"]
[PlyCount "93"]
[EventDate "2020.06.09"]
[WhiteTeam "Oxford 3"]
[BlackTeam "Stroud The Old"]

1. e4 e5 2. Nf3 Nc6 3. Bc4 Be7 4. O-O Nf6 5. Re1 d6 6. h3 O-O 7. d4 exd4 8.
Nxd4 Ne5 9. Bb3 c5 10. Nf3 b5 11. c3 c4 12. Bc2 Bb7 13. Bf4 Qc7 14. a4 a6 15.
Na3 Bc6 16. Nd4 Rab8 17. axb5 axb5 18. Qe2 b4 19. Nxc4 bxc3 20. bxc3 Rfc8 21.
Nxc6 Qxc6 22. Nxe5 dxe5 23. Bxe5 Ra8 24. Rxa8 Rxa8 25. Rb1 Nd7 26. Bd4 Bc5 27.
Qd3 Rc8 28. Bxc5 Nxc5 29. Qd5 Ne6 30. Qxc6 Rxc6 31. Rb3 g6 32. Bd1 Rc4 33. f3
Nc5 34. Ra3 Kf8 35. Be2 Ra4 36. Rxa4 Nxa4 37. c4 Nc5 38. Kf2 Ke7 39. Ke3 Kd6
40. Kd4 Nb3+ 41. Kc3 Nc5 42. Kb4 Na6+ 43. Kb5 Nc7+ 44. Kb6 Ne6 45. g3 f6 46. f4
g5 47. fxg5 1/2-1/2

[Event "4NCL Online Division 4"]
[Site "online"]
[Date "2020.06.09"]
[Round "10.141"]
[White "Rathbone-Jones, Ifan"]
[Black "George, Ian M"]
[Result "1/2-1/2"]
[WhiteElo "2072"]
[BlackElo "1922"]
[PlyCount "156"]
[EventDate "2020.06.09"]
[WhiteTeam "To Be Decided"]
[BlackTeam "Camborne & Redruth"]

1. d4 Nf6 2. Bf4 d6 3. Nc3 Nbd7 4. Nf3 c6 5. e4 Qa5 6. Qd2 e5 7. dxe5 dxe5 8.
Bg3 Bb4 9. Bd3 O-O 10. O-O Re8 11. a3 Bxc3 12. bxc3 Nh5 13. Nh4 Nf8 14. Qg5
Nxg3 15. hxg3 Qd8 16. Qe3 Ng6 17. Nf5 Qf6 18. Rab1 b6 19. Rfe1 Ne7 20. g4 Bxf5
21. gxf5 g6 22. g4 g5 23. Kg2 Kg7 24. Rh1 h6 25. Rh5 Rh8 26. a4 Qd6 27. c4 c5
28. Rbh1 Qf6 29. Qc1 Rad8 30. Qa3 Nc6 31. R1h3 Rd4 32. Qc1 Rd6 33. Qb2 Rd4 34.
c3 Rd6 35. Qb5 Qd8 36. Re3 Qd7 37. Rhh3 Qd8 38. Be2 Qc7 39. Qb1 Rhd8 40. Qh1
Rh8 41. Rh5 Qd8 42. Qh2 Qf6 43. Qh1 Qd8 44. Qc1 Qf6 45. Reh3 Qd8 46. Qe3 Qf6
47. Qc1 Qd8 48. Rf3 Qf6 49. Rhh3 Rhd8 50. Re3 Qe7 51. Qc2 Qf6 52. Rd3 Na5 53.
Rd5 Nb7 54. Rhd3 Qe7 55. Qd2 Qc7 56. Re3 Qe7 57. Bf1 Qc7 58. Re1 Qe7 59. Qe3
Qf6 60. Kh3 Qe7 61. Qf3 Qf6 62. Qg2 Qe7 63. Qg3 Qf6 64. Rxe5 Na5 65. Rd5 Qe7
66. e5 Qe8 67. f6+ Kg8 68. Rxd6 Rxd6 69. exd6 Qxe1 70. d7 Qxf1+ 71. Kh2 Nc6 72.
Qf3 Nd8 73. Qe3 Ne6 74. Qxe6 Qxf2+ 75. Kh1 Qf1+ 76. Kh2 Qf2+ 77. Kh1 Qf1+ 78.
Kh2 Qf2+ 1/2-1/2

[Event "4NCL Online Division 4"]
[Site "online"]
[Date "2020.06.09"]
[Round "10.142"]
[White "Morgan, Jamie"]
[Black "Gurner, Jem"]
[Result "0-1"]
[WhiteElo "1877"]
[BlackElo "1975"]
[PlyCount "66"]
[EventDate "2020.06.09"]
[WhiteTeam "Camborne & Redruth"]
[BlackTeam "To Be Decided"]

1. e4 g6 2. Nf3 Bg7 3. Bc4 d6 4. d3 Nf6 5. Nc3 O-O 6. O-O Nc6 7. h3 Na5 8. Bb3
Nxb3 9. axb3 h6 10. Be3 a6 11. Qd2 Kh7 12. Nd5 e5 13. Qc3 Nxd5 14. exd5 f5 15.
Qb4 f4 16. Bc1 g5 17. Nd2 h5 18. Ne4 g4 19. g3 gxh3 20. f3 Rg8 21. Qe1 Bh6 22.
Kh2 Qf8 23. gxf4 Bxf4+ 24. Kh1 Rg2 25. Rf2 Qg7 26. Bxf4 exf4 27. Qe2 Rg6 28.
Rd1 Bf5 29. Re1 Rg8 30. c3 Rg1+ 31. Kh2 Kh8 32. Qd1 Qg2+ 33. Rxg2 R8xg2# 0-1

[Event "4NCL Online Division 4"]
[Site "online"]
[Date "2020.06.09"]
[Round "10.143"]
[White "Vanjare, Aditya"]
[Black "Gill, Percy TP"]
[Result "1/2-1/2"]
[WhiteElo "1705"]
[BlackElo "1810"]
[PlyCount "111"]
[EventDate "2020.06.09"]
[WhiteTeam "To Be Decided"]
[BlackTeam "Camborne & Redruth"]

1. d4 Nf6 2. Bf4 d5 3. e3 Bf5 4. c4 e6 5. Nc3 Bb4 6. Nf3 O-O 7. Be2 Ne4 8. Qb3
Nc6 9. O-O Bxc3 10. bxc3 Na5 11. Qb4 Nxc4 12. Bxc4 dxc4 13. Qxc4 Rc8 14. Qb3 b6
15. Rad1 Qd5 16. c4 Qa5 17. Rfe1 Bg4 18. Qc2 Bxf3 19. gxf3 Nf6 20. Kh1 Qh5 21.
Qe2 Rfd8 22. Rg1 h6 23. e4 Kh7 24. Rg3 g5 25. Be3 c5 26. d5 exd5 27. cxd5 Nd7
28. Rdg1 f6 29. Qf1 Rg8 30. Rh3 Qe8 31. Qb1 Qe5 32. Rh5 Qe8 33. Rh3 Qe5 34.
Rgg3 Nf8 35. Rh5 Ng6 36. Rgh3 Kg7 37. Rxh6 Rh8 38. Rxh8 Rxh8 39. Rxh8 Kxh8 40.
Qd1 Qd6 41. Qa4 Nh4 42. Qe8+ Kg7 43. h3 Nxf3 44. Kg2 Nh4+ 45. Kf1 Ng6 46. Qc6
Qe5 47. d6 Qa1+ 48. Kg2 Nh4+ 49. Kh2 Qe5+ 50. Kh1 Nf3 51. Kg2 Nh4+ 52. Kg1 Qa1+
53. Kh2 Qe5+ 54. Kg1 Nf3+ 55. Kg2 Nh4+ 56. Kg1 1/2-1/2

[Event "4NCL Online Division 4"]
[Site "online"]
[Date "2020.06.09"]
[Round "10.144"]
[White "Oates, Thomas"]
[Black "Jaberansari, Daniel"]
[Result "0-1"]
[WhiteElo "1645"]
[BlackElo "1645"]
[PlyCount "50"]
[EventDate "2020.06.09"]
[WhiteTeam "Camborne & Redruth"]
[BlackTeam "To Be Decided"]

1. d4 Nf6 2. c4 g6 3. Nc3 Bg7 4. e4 d6 5. Nf3 O-O 6. Be2 e5 7. O-O Nc6 8. d5
Ne7 9. Ne1 Ne8 10. f3 f5 11. Be3 f4 12. Bf2 Rf7 13. Nd3 g5 14. Rc1 Bf8 15. c5
Rg7 16. b4 h5 17. h3 Nf6 18. Qb3 g4 19. hxg4 hxg4 20. Bh4 g3 21. Nxe5 Rh7 22.
Bg5 Qe8 23. Bxf4 Rh1+ 24. Kxh1 Qh5+ 25. Kg1 Qh2# 0-1

[Event "4NCL Online Division 4"]
[Site "online"]
[Date "2020.06.09"]
[Round "10.151"]
[White "Hill, Jonathan S"]
[Black "Dupuis, Denis K"]
[Result "1-0"]
[WhiteElo "1975"]
[BlackElo "1870"]
[PlyCount "107"]
[EventDate "2020.06.09"]
[WhiteTeam "Urmston"]
[BlackTeam "Battersea Howitzers"]

1. d4 d5 2. Bf4 Nf6 3. e3 c5 4. c3 Nc6 5. Nd2 Bf5 6. Qb3 Qb6 7. dxc5 Qxb3 8.
axb3 e5 9. Bg3 Bxc5 10. Ngf3 Bd6 11. Bb5 Nd7 12. O-O O-O-O 13. Bxc6 bxc6 14.
Rxa7 Bb8 15. Ra8 Kb7 16. Rfa1 f6 17. b4 h5 18. h4 g5 19. hxg5 fxg5 20. Nxg5
Rdg8 21. Nf7 Rh7 22. Nxe5 Nb6 23. Rxb8+ Rxb8 24. Nxc6 Rg8 25. Nd4 Bd7 26. N2b3
h4 27. Nc5+ Kc8 28. Nxd7 hxg3 29. Nxb6+ Kb7 30. Na4 Rgh8 31. Nc5+ Kb8 32. Nc6+
Kc7 33. Ra7+ Kxc6 34. Rxh7 gxf2+ 35. Kxf2 Rxh7 36. Nd3 Kb5 37. b3 Rf7+ 38. Nf4
d4 39. cxd4 Kxb4 40. g4 Kxb3 41. g5 Kc4 42. g6 Rg7 43. Kf3 Kc3 44. d5 Kc4 45.
Kg4 Rxg6+ 46. Nxg6 Kxd5 47. Kf5 Kd6 48. e4 Kd7 49. Kf6 Ke8 50. e5 Kd7 51. Kf7
Kd8 52. e6 Kc7 53. e7 Kd7 54. e8=Q+ 1-0

[Event "4NCL Online Division 4"]
[Site "online"]
[Date "2020.06.09"]
[Round "10.152"]
[White "Buanne, Luca"]
[Black "Constantine, Marc"]
[Result "0-1"]
[WhiteElo "1922"]
[BlackElo "1772"]
[PlyCount "98"]
[EventDate "2020.06.09"]
[WhiteTeam "Battersea Howitzers"]
[BlackTeam "Urmston"]

1. d4 Nf6 2. c4 e6 3. Nf3 b6 4. g3 Ba6 5. Qc2 Bb4+ 6. Bd2 Be7 7. Bg2 Bb7 8. Nc3
d5 9. O-O O-O 10. cxd5 exd5 11. Rfd1 Nbd7 12. e3 a6 13. Rac1 Rc8 14. Be1 c5 15.
a4 Qc7 16. Qe2 Qb8 17. Bh3 Rcd8 18. a5 b5 19. dxc5 Nxc5 20. b4 Nce4 21. Qb2
Rfe8 22. Ne2 Nd6 23. Ne5 Nc4 24. Nxc4 dxc4 25. Nd4 g6 26. Bc3 Ne4 27. Bg2 Nxc3
28. Qxc3 Bxg2 29. Kxg2 Bf6 30. Rd2 Qa8+ 31. Kg1 Qe4 32. Rcd1 h5 33. h4 Kg7 34.
Kh2 Qe5 35. f4 Qxe3 36. Nf5+ gxf5 37. Qxe3 Rxe3 38. Rxd8 Bxd8 39. Rxd8 Rd3 40.
Rc8 Rb3 41. Rc6 Rxb4 42. Rxa6 Rb2+ 43. Kh3 Ra2 44. Ra7 c3 45. Rc7 b4 46. Rc4 c2
47. a6 b3 48. a7 Rxa7 49. Rc3 Rb7 0-1

[Event "4NCL Online Division 4"]
[Site "online"]
[Date "2020.06.09"]
[Round "10.153"]
[White "Whalley, Mark E"]
[Black "Kolani, Arjun"]
[Result "1/2-1/2"]
[WhiteElo "1712"]
[BlackElo "1937"]
[PlyCount "129"]
[EventDate "2020.06.09"]
[WhiteTeam "Urmston"]
[BlackTeam "Battersea Howitzers"]

1. d4 Nf6 2. Nc3 d5 3. Bf4 c5 4. e3 cxd4 5. exd4 a6 6. Nf3 Nc6 7. h3 Bf5 8. g4
Bg6 9. Ne5 Nxe5 10. dxe5 Ne4 11. Nxe4 Bxe4 12. f3 Bg6 13. Bd3 e6 14. h4 Qb6 15.
Rb1 Bc5 16. h5 Bxd3 17. Qxd3 Qa5+ 18. c3 Qxa2 19. Rh2 Qc4 20. Qxc4 dxc4 21. Rd2
Rd8 22. Rbd1 Rxd2 23. Rxd2 h6 24. Bg3 g6 25. Bh4 g5 26. Bg3 Ke7 27. Ke2 b5 28.
f4 f6 29. exf6+ Kxf6 30. Rd7 Rg8 31. Rc7 gxf4 32. Bh4+ Ke5 33. Rxc5+ Kd6 34.
Bf2 Rxg4 35. Kf3 Rg8 36. Bd4 Rf8 37. Re5 Rf7 38. Re1 Rf5 39. Kg4 Rg5+ 40. Kxf4
Rxh5 41. Re2 Rf5+ 42. Kg4 Rg5+ 43. Kf4 Rf5+ 44. Kg4 h5+ 45. Kh4 a5 46. Rf2 Rd5
47. Rf6 b4 48. Rh6 a4 49. Rxh5 Rxh5+ 50. Kxh5 a3 51. cxb4 a2 52. b3 cxb3 53.
Bb2 Kd5 54. Kg4 Kc4 55. Kf4 Kxb4 56. Ke5 Kc5 57. Ke4 Kc4 58. Ke3 Kb4 59. Kd3 e5
60. Ke4 Kc4 61. Bxe5 Kb4 62. Bb2 a1=Q 63. Bxa1 Ka3 64. Be5 b2 65. Bxb2+ 1/2-1/2

[Event "4NCL Online Division 4"]
[Site "online"]
[Date "2020.06.09"]
[Round "10.154"]
[White "Steiners, Emils"]
[Black "Randall, Grant"]
[Result "0-1"]
[WhiteElo "1405"]
[BlackElo "1540"]
[PlyCount "62"]
[EventDate "2020.06.09"]
[WhiteTeam "Battersea Howitzers"]
[BlackTeam "Urmston"]

1. d4 d5 2. c4 e6 3. Nc3 Nf6 4. cxd5 exd5 5. Bf4 c6 6. Nf3 Bd6 7. Bxd6 Qxd6 8.
e3 Bg4 9. Be2 Nbd7 10. Qc2 O-O 11. O-O-O b5 12. h3 Bh5 13. Ng1 Bg6 14. Bd3 Bxd3
15. Qxd3 b4 16. Nce2 Ne4 17. Rf1 c5 18. dxc5 Ndxc5 19. Qd1 Rac8 20. Kb1 Qg6 21.
Ka1 Qxg2 22. Nf3 Qxf3 23. Rhg1 Rfd8 24. Qd4 g6 25. h4 Qxe2 26. f3 Ne6 27. Qe5
Nd2 28. Re1 Qc4 29. Qf6 Rc6 30. h5 Qxa2+ 31. Kxa2 Ra6# 0-1

[Event "4NCL Online Division 4"]
[Site "online"]
[Date "2020.06.09"]
[Round "10.161"]
[White "Chaplin, Peter E"]
[Black "Dicen, Imogen"]
[Result "1-0"]
[WhiteElo "2046"]
[BlackElo "1847"]
[PlyCount "133"]
[EventDate "2020.06.09"]
[WhiteTeam "Weston Super Mare"]
[BlackTeam "Warwickshire Bears A"]

1. b3 Nf6 2. Bb2 d6 3. e3 e5 4. d4 exd4 5. Qxd4 Be7 6. Nf3 O-O 7. c4 Nc6 8. Qd1
Bf5 9. Bd3 Qd7 10. O-O Rad8 11. Nc3 a6 12. Bxf5 Qxf5 13. Nd4 Nxd4 14. Qxd4 c5
15. Qd2 Rfe8 16. Rad1 Qh5 17. f3 h6 18. e4 Qg6 19. Nd5 Nxd5 20. Qxd5 Rd7 21.
Rd3 Red8 22. f4 Qe6 23. Rg3 g5 24. Qd3 f6 25. Rh3 Kg7 26. fxg5 hxg5 27. e5 f5
28. exd6+ Bf6 29. Bxf6+ Qxf6 30. Rxf5 Qa1+ 31. Rf1 Qd4+ 32. Qxd4+ cxd4 33. c5
Rc8 34. b4 b6 35. Rf5 Kg6 36. g4 a5 37. a3 axb4 38. axb4 bxc5 39. bxc5 Ra8 40.
Rd3 Ra4 41. Rd5 Rc4 42. R3xd4 Rc2 43. Rd2 Rc4 44. h3 Rc3 45. Kg2 Kf6 46. Re2
Rc4 47. Rf5+ Kg6 48. Re6+ Kg7 49. Re7+ Rxe7 50. dxe7 Re4 51. Rxg5+ Kf6 52. Rf5+
Kg6 53. c6 Rxe7 54. Rc5 Rc7 55. Kg3 Kf6 56. h4 Kg6 57. h5+ Kh6 58. Kh4 Kh7 59.
g5 Kg7 60. h6+ Kg6 61. Kg4 Kh7 62. Kh5 Kg8 63. g6 Kh8 64. Rb5 Rc8 65. c7 Rg8
66. Rb8 Rxb8 67. cxb8=R# 1-0

[Event "4NCL Online Division 4"]
[Site "online"]
[Date "2020.06.09"]
[Round "10.162"]
[White "Sandhu, Manvith"]
[Black "Szarka, Szilard"]
[Result "1-0"]
[WhiteElo "1885"]
[BlackElo "1895"]
[PlyCount "47"]
[EventDate "2020.06.09"]
[WhiteTeam "Warwickshire Bears A"]
[BlackTeam "Weston Super Mare"]

1. e4 e5 2. Nf3 Nc6 3. Bb5 a6 4. Ba4 Nf6 5. d3 b5 6. Bb3 Bc5 7. O-O d6 8. c3 h6
9. h3 O-O 10. Nbd2 Re8 11. Re1 Bb6 12. Nf1 Be6 13. Ng3 Bxb3 14. axb3 Ne7 15. b4
Ng6 16. Nf5 Nh5 17. d4 Nhf4 18. g3 Nxh3+ 19. Kg2 Ng5 20. Nxg5 hxg5 21. Qh5 Nf4+
22. gxf4 g6 23. Qh6 Qf6 24. Rh1 1-0

[Event "4NCL Online Division 4"]
[Site "online"]
[Date "2020.06.09"]
[Round "10.163"]
[White "Isaac, Oliver T"]
[Black "Chen, Daniel Xingyu"]
[Result "1/2-1/2"]
[WhiteElo "1682"]
[BlackElo "1832"]
[PlyCount "68"]
[EventDate "2020.06.09"]
[WhiteTeam "Weston Super Mare"]
[BlackTeam "Warwickshire Bears A"]

1. d4 Nf6 2. Bf4 g6 3. e3 Bg7 4. Nf3 O-O 5. Be2 d6 6. h3 Nbd7 7. O-O b6 8. a4
a5 9. Nc3 Bb7 10. Nd2 Nd5 11. Nxd5 Bxd5 12. Bf3 Bxf3 13. Qxf3 e5 14. dxe5 dxe5
15. Bg3 Nc5 16. Nc4 Qe7 17. Qc6 f5 18. Bxe5 Bxe5 19. Qd5+ Qe6 20. Qxe6+ Nxe6
21. Nxe5 f4 22. exf4 Rxf4 23. Rfd1 Raf8 24. f3 Re8 25. Nc6 Rc4 26. Ne5 Rxc2 27.
Ng4 Kf7 28. Rd7+ Re7 29. Rad1 h5 30. Ne5+ Kf6 31. Rxe7 Kxe7 32. Nxg6+ Kf6 33.
Nh4 Rxb2 34. Rd5 c5 1/2-1/2

[Event "4NCL Online Division 4"]
[Site "online"]
[Date "2020.06.09"]
[Round "10.164"]
[White "Pal, Rohan"]
[Black "Murphy, Jack"]
[Result "1-0"]
[WhiteElo "1832"]
[BlackElo "1502"]
[PlyCount "67"]
[EventDate "2020.06.09"]
[WhiteTeam "Warwickshire Bears A"]
[BlackTeam "Weston Super Mare"]

1. e4 c6 2. d4 d5 3. exd5 cxd5 4. Bd3 Nf6 5. c3 g6 6. Bf4 Bg7 7. Nf3 O-O 8. O-O
Bg4 9. h3 Bxf3 10. Qxf3 e6 11. Nd2 Nc6 12. Qe2 Nh5 13. Bh2 Qf6 14. Qe3 Bh8 15.
Nf3 Ng7 16. g4 Rac8 17. Ne5 Nxe5 18. Bxe5 Qe7 19. Qg3 Rfd8 20. a4 Ne8 21. Bxh8
Kxh8 22. Qe5+ Kg8 23. f4 Qd6 24. f5 Qxe5 25. dxe5 gxf5 26. gxf5 exf5 27. Rxf5
Ng7 28. Rg5 Kh8 29. Kh2 h6 30. Rg2 Ne6 31. Rf1 Rf8 32. Rf6 Ng5 33. Rxh6+ Kg7
34. Rh7+ 1-0

[Event "4NCL Online Division 4"]
[Site "online"]
[Date "2020.04.14"]
[Round "2.11"]
[White "Bromilow, Edward T"]
[Black "Morgan, Jamie"]
[Result "0-1"]
[WhiteElo "1862"]
[BlackElo "1877"]
[PlyCount "38"]
[EventDate "2020.04.14"]
[WhiteTeam "Ashfield Anonymous B"]
[BlackTeam "Camborne & Redruth"]

1. d4 Nf6 2. Nf3 c5 3. d5 b5 4. Bf4 d6 5. Nbd2 Nxd5 6. Bg3 Nf6 7. e4 a6 8. e5
dxe5 9. Bxe5 Nc6 10. Qe2 Nxe5 11. Nxe5 e6 12. O-O-O Qc7 13. f4 Be7 14. h3 Bb7
15. Rg1 O-O 16. g4 Nd5 17. Qh2 Nxf4 18. Qxf4 Bd6 19. Ndf3 Bxf3 0-1

[Event "4NCL Online Division 4"]
[Site "online"]
[Date "2020.04.14"]
[Round "2.12"]
[White "Williams, Philip J"]
[Black "Morgan, Philip D"]
[Result "1-0"]
[WhiteElo "1855"]
[BlackElo "1802"]
[PlyCount "85"]
[EventDate "2020.04.14"]
[WhiteTeam "Camborne & Redruth"]
[BlackTeam "Ashfield Anonymous B"]

1. e4 c5 2. Nf3 d6 3. d4 cxd4 4. Nxd4 Nf6 5. Nc3 a6 6. g3 Nc6 7. Bg2 h6 8. h3
e5 9. Nde2 Be6 10. Be3 Be7 11. O-O Rc8 12. g4 Nd7 13. Ng3 g5 14. Nf5 Bxf5 15.
gxf5 Kf8 16. Nd5 f6 17. c3 Rb8 18. a4 b6 19. b4 Kg7 20. Bf3 Ra8 21. Bh5 Bf8 22.
Qd3 Ne7 23. Rfc1 Rb8 24. Nxe7 Bxe7 25. Qxa6 Rf8 26. Qb5 Rc8 27. Qd5 Nb8 28. a5
bxa5 29. bxa5 Na6 30. Bb6 Qd7 31. Be2 Nc5 32. Rcb1 Qe8 33. a6 Nxa6 34. Rxa6
Rxc3 35. Kg2 h5 36. Rba1 Rc8 37. Bb5 Qf7 38. Qxf7+ Rxf7 39. Be3 Bd8 40. Rxd6
Be7 41. Rd7 Bc5 42. Rxf7+ Kxf7 43. Rc1 1-0

[Event "4NCL Online Division 4"]
[Site "online"]
[Date "2020.04.14"]
[Round "2.13"]
[White "Robins, Andrew"]
[Black "Gill, Percy TP"]
[Result "1-0"]
[WhiteElo "1757"]
[BlackElo "1810"]
[PlyCount "127"]
[EventDate "2020.04.14"]
[WhiteTeam "Ashfield Anonymous B"]
[BlackTeam "Camborne & Redruth"]

1. e4 c5 2. Nf3 Nc6 3. d4 cxd4 4. Nxd4 d6 5. c4 g6 6. Nc3 Bg7 7. Be3 e5 8. Ndb5
Nd4 9. Nxd4 exd4 10. Bxd4 Bxd4 11. Qxd4 Qf6 12. Rd1 Qxd4 13. Rxd4 Nf6 14. Rxd6
Be6 15. Be2 O-O 16. O-O Rac8 17. b3 Rfe8 18. Rfd1 Kg7 19. h3 a6 20. f4 Ng8 21.
a4 Ne7 22. Bf3 Nc6 23. e5 Na5 24. Rb6 Rb8 25. Bd5 Bf5 26. Ne4 Red8 27. Rd3 Rxd5
28. Rxd5 Bxe4 29. Rxa5 Rd8 30. Rd6 Rc8 31. Rd4 Bc2 32. c5 Bxb3 33. Rb4 Bd5 34.
c6 Bxc6 35. Rc5 Rd8 36. Rc2 Rd1+ 37. Kf2 Ra1 38. Rcb2 Bxa4 39. Rxb7 Bb5 40. e6
Rf1+ 41. Kg3 Re1 42. exf7 Kf8 43. Rc2 Re7 44. Rc8+ Kxf7 45. Rxe7+ Kxe7 46. Rc7+
Kf6 47. Rxh7 Bd3 48. Kf3 Bb5 49. Ke3 Bf1 50. g4 Bb5 51. Kd4 Be2 52. Kd5 Bf3+
53. Kd6 Be2 54. Re7 Bc4 55. g5+ Kf5 56. Rg7 Bd3 57. Rf7+ Ke4 58. Rf6 Kf3 59.
Ke5 Kg3 60. f5 gxf5 61. Rxf5 Kxh3 62. g6 Bc4 63. g7 Kg4 64. Rf8 1-0

[Event "4NCL Online Division 4"]
[Site "online"]
[Date "2020.04.14"]
[Round "2.14"]
[White "Humpleby, Richard"]
[Black "Fraser, Chris"]
[Result "0-1"]
[WhiteElo "1555"]
[BlackElo "1622"]
[PlyCount "110"]
[EventDate "2020.04.14"]
[WhiteTeam "Camborne & Redruth"]
[BlackTeam "Ashfield Anonymous B"]

1. e4 c5 2. Nf3 g6 3. Nc3 Bg7 4. Bc4 Nc6 5. a3 Nf6 6. d3 O-O 7. Be3 d6 8. h3 a6
9. O-O Ne8 10. Rb1 b5 11. Bd5 Bb7 12. Bxc6 Bxc6 13. Nd5 Nc7 14. Nf4 Qd7 15. Qe2
Ne6 16. Nd5 Rab8 17. Bd2 Nc7 18. Nxc7 Qxc7 19. Bf4 e5 20. Be3 h6 21. Qd2 Kh7
22. Nh2 Bd7 23. f3 f5 24. Kh1 Rf7 25. Rbe1 Rbf8 26. Rd1 Be6 27. Bf2 g5 28. Be1
g4 29. h4 h5 30. Qg5 Bh6 31. Qxh5 fxe4 32. Nxg4 Bxg4 33. Qxg4 exf3 34. Rxf3
Rxf3 35. gxf3 Qf7 36. Rd2 Qxf3+ 37. Qxf3 Rxf3 38. Kg2 Bxd2 39. Kxf3 Bxe1 40. h5
Kh6 41. Ke4 b4 42. axb4 cxb4 43. b3 Bf2 44. Kd5 Bc5 45. Kc4 Kxh5 46. c3 bxc3
47. Kxc3 a5 48. Kc4 Kg5 49. Kb5 Bb4 50. Kc4 Kf5 51. Kd5 Bc5 52. Kc4 Ke6 53. Kb5
Bb4 54. Kc6 d5 55. Kb5 Kd6 0-1

[Event "4NCL Online Division 4"]
[Site "online"]
[Date "2020.04.14"]
[Round "2.21"]
[White "Rothwell, James P"]
[Black "Sedykh, Stakhey"]
[Result "1/2-1/2"]
[WhiteElo "1892"]
[BlackElo "1772"]
[PlyCount "52"]
[EventDate "2020.04.14"]
[WhiteTeam "Atticus B"]
[BlackTeam "Catford Cosmonauts 3"]

1. e4 e5 2. Nf3 Nc6 3. Bb5 a6 4. Ba4 Nf6 5. O-O b5 6. Bb3 Be7 7. Re1 O-O 8. h3
d6 9. c3 Na5 10. Bc2 c5 11. d4 Nc6 12. d5 Nb8 13. Nbd2 Re8 14. a4 Bb7 15. Nf1
Bf8 16. axb5 axb5 17. Rxa8 Bxa8 18. Ng3 g6 19. Bg5 Nbd7 20. b4 c4 21. Nh2 Bg7
22. Ng4 Qb6 23. Be3 Qc7 24. Qf3 Bb7 25. Ra1 Ra8 26. Rxa8+ Bxa8 1/2-1/2

[Event "4NCL Online Division 4"]
[Site "online"]
[Date "2020.04.14"]
[Round "2.22"]
[White "Oyvat, Cem"]
[Black "Banerjee, Sanjoy K"]
[Result "1-0"]
[WhiteElo "1667"]
[BlackElo "1720"]
[PlyCount "111"]
[EventDate "2020.04.14"]
[WhiteTeam "Catford Cosmonauts 3"]
[BlackTeam "Atticus B"]

1. d4 Nf6 2. c4 e6 3. Nc3 Bb4 4. Qc2 O-O 5. Nf3 d5 6. Bf4 Ne4 7. cxd5 exd5 8.
Nd2 Nxc3 9. bxc3 Bd6 10. Bg3 Bxg3 11. hxg3 g6 12. Nf3 Bf5 13. Qd2 f6 14. Nh4
Qd7 15. Nxf5 Qxf5 16. e3 Qd7 17. Bd3 Qg7 18. c4 c6 19. cxd5 cxd5 20. Qa5 Qf7
21. Bb5 Nd7 22. Bxd7 Qxd7 23. Rc1 b6 24. Qb4 Rfc8 25. O-O Rc7 26. Qb2 Rac8 27.
Rxc7 Qxc7 28. Qb5 Qc6 29. a4 Kg7 30. Rb1 Rc7 31. Qxc6 Rxc6 32. a5 Kf7 33. Kf1
Ke7 34. Ke2 Kd7 35. axb6 Rxb6 36. Ra1 a6 37. Kf3 Kd6 38. Kf4 Ke6 39. f3 h5 40.
g4 h4 41. g5 f5 42. Rh1 a5 43. Rxh4 Ra6 44. Rh6 Kf7 45. Ke5 Re6+ 46. Kxd5 Rxe3
47. Rh7+ Kg8 48. Ra7 Re2 49. Rxa5 Rxg2 50. f4 Re2 51. Ra6 Kg7 52. Re6 Rf2 53.
Ke5 Re2+ 54. Kd6 Rf2 55. d5 Rxf4 56. Ke7 1-0

[Event "4NCL Online Division 4"]
[Site "online"]
[Date "2020.04.14"]
[Round "2.23"]
[White "Burge, Steve J"]
[Black "Foreman, Anthony"]
[Result "1-0"]
[WhiteElo "1675"]
[BlackElo "1532"]
[PlyCount "37"]
[EventDate "2020.04.14"]
[WhiteTeam "Atticus B"]
[BlackTeam "Catford Cosmonauts 3"]

1. e4 e5 2. f4 exf4 3. Nf3 Be7 4. Bc4 Bh4+ 5. g3 fxg3 6. O-O Nc6 7. Bxf7+ Kxf7
8. Nxh4+ Ke7 9. Qf3 gxh2+ 10. Kh1 Nf6 11. d3 d5 12. Bg5 Rf8 13. Nc3 Ne5 14. Qf4
Ng6 15. Nxg6+ hxg6 16. Nxd5+ Kf7 17. Nxf6 gxf6 18. Bxf6 Qd7 19. Bc3+ 1-0

[Event "4NCL Online Division 4"]
[Site "online"]
[Date "2020.04.14"]
[Round "2.24"]
[White "Marchettini, Cristiano"]
[Black "Wadsworth, Mark S"]
[Result "1-0"]
[WhiteElo "1382"]
[BlackElo "1660"]
[PlyCount "49"]
[EventDate "2020.04.14"]
[WhiteTeam "Catford Cosmonauts 3"]
[BlackTeam "Atticus B"]

1. e4 c5 2. Nf3 Nc6 3. d4 cxd4 4. Nxd4 Nf6 5. Nc3 e5 6. Ndb5 d6 7. Bg5 a6 8.
Na3 b5 9. Nd5 Be7 10. Nxe7 Qxe7 11. c3 O-O 12. Nc2 Qe6 13. Bd3 Bb7 14. O-O Ne7
15. Re1 d5 16. exd5 Nexd5 17. Nd4 Qd6 18. Nf5 Qc7 19. Qd2 Rad8 20. Rad1 Rfe8
21. Bxf6 Nxf6 22. Nxg7 Qc6 23. Qg5 Qxg2+ 24. Qxg2 Bxg2 25. Nxe8 1-0

[Event "4NCL Online Division 4"]
[Site "online"]
[Date "2020.04.14"]
[Round "2.31"]
[White "Koroglou, Viktor"]
[Black "Buanne, Luca"]
[Result "1-0"]
[WhiteElo "2028"]
[BlackElo "1922"]
[PlyCount "55"]
[EventDate "2020.04.14"]
[WhiteTeam "Bon Accord B"]
[BlackTeam "Battersea Howitzers"]

1. e4 c5 2. Nf3 d6 3. c3 Nf6 4. h3 Nc6 5. Bd3 d5 6. e5 Nd7 7. Qe2 e6 8. O-O Qc7
9. Re1 Be7 10. Bc2 O-O 11. d4 f6 12. exf6 Nxf6 13. Ng5 Nd8 14. Qd3 c4 15. Qe2
h6 16. Nf3 Nc6 17. b3 Na5 18. Ne5 b5 19. Bxh6 gxh6 20. Qe3 Bd6 21. Qxh6 Qg7 22.
Qh4 Nd7 23. Ng4 Re8 24. Re3 Be7 25. Qh5 Bb7 26. Nh6+ Kf8 27. Rg3 Nf6 28. Rxg7
1-0

[Event "4NCL Online Division 4"]
[Site "online"]
[Date "2020.04.14"]
[Round "2.32"]
[White "Dupuis, Denis K"]
[Black "Jennings, Richard"]
[Result "1-0"]
[WhiteElo "1870"]
[BlackElo "1872"]
[PlyCount "81"]
[EventDate "2020.04.14"]
[WhiteTeam "Battersea Howitzers"]
[BlackTeam "Bon Accord B"]

1. e4 e5 2. Nf3 Nf6 3. Nxe5 d6 4. Nf3 Nxe4 5. d4 d5 6. Bd3 Be7 7. O-O Nc6 8. c3
O-O 9. Qc2 f5 10. Ne5 Nxe5 11. dxe5 Bc5 12. b4 Bb6 13. c4 c6 14. Bb2 Qh4 15. c5
Bc7 16. f3 Ng5 17. f4 Ne4 18. Nd2 h6 19. Nb3 Be6 20. Nd4 Rae8 21. g3 Qd8 22. a4
g5 23. Kh1 g4 24. b5 Qd7 25. a5 Rf7 26. a6 b6 27. cxb6 Bxb6 28. bxc6 Qc8 29.
Nb5 Nc5 30. Nd6 Qxc6 31. Bb5 Qxb5 32. Nxb5 d4 33. Bxd4 Bd5+ 34. Kg1 Rc8 35. Nd6
Bb3 36. Qb2 Rfc7 37. Nxc8 Rxc8 38. Rf2 Bc4 39. Rc1 Nd3 40. Rxc4 Rxc4 41. Qb3
1-0

[Event "4NCL Online Division 4"]
[Site "online"]
[Date "2020.04.14"]
[Round "2.33"]
[White "Vasiliadis, Theodoros"]
[Black "Mellor, Jessica"]
[Result "1-0"]
[WhiteElo "1820"]
[BlackElo "1870"]
[PlyCount "77"]
[EventDate "2020.04.14"]
[WhiteTeam "Bon Accord B"]
[BlackTeam "Battersea Howitzers"]

1. e4 e5 2. Nf3 Nc6 3. Bb5 a6 4. Ba4 Nf6 5. O-O Be7 6. Re1 b5 7. Bb3 d6 8. c3
Na5 9. Bc2 c5 10. h3 O-O 11. d4 Qc7 12. Nbd2 cxd4 13. cxd4 Bd7 14. Nf1 Rac8 15.
Bd3 exd4 16. Nxd4 Nc6 17. Be3 Nxd4 18. Bxd4 Bc6 19. Ng3 Nd7 20. Nh5 g6 21. f4
f6 22. Rc1 Qd8 23. Qg4 Nc5 24. Bb1 Bd7 25. f5 g5 26. h4 h6 27. hxg5 hxg5 28.
Nf4 Rf7 29. b4 Na4 30. a3 Kf8 31. Qh5 Kg7 32. Qxg5+ Kh8 33. Rxc8 Bxc8 34. Qh6+
Kg8 35. Ba2 Qf8 36. Bxf7+ Qxf7 37. Re3 Bf8 38. Rg3+ Bg7 39. Bxf6 1-0